Teoría y problemas de fundamentos de electricidad
| Main Author: | |
|---|---|
| Format: | Section = Libro |
| Language: | Undetermined Spanish |
| Published: |
México
McGraw-Hill
1991
|
| Subjects: |
| LEADER | 00483nam a2200181Ia 4500 | ||
|---|---|---|---|
| 008 | 240829s9999 xx 000 0 und d | ||
| 020 | |a 968-422-977-1 | ||
| 040 | |a BIBLIOTECA-RUSB/ 537 G982 | ||
| 041 | |a spa | ||
| 082 | |a 537 G982 | ||
| 100 | 1 | |a Gussow, Milton | |
| 245 | 1 | 0 | |a Teoría y problemas de fundamentos de electricidad |
| 260 | |a México |b McGraw-Hill |c 1991 | ||
| 300 | |a 453 p. :il. | ||
| 650 | 7 | |a INGENIERIA ELECTRICA-ELECTRONICA | |
| 942 | |c BK |2 ddc | ||
| 991 | |a TEXTO | ||
| 999 | |c 2141 | ||